000 00633nam a22001937a 4500
005 20251108173707.0
008 250721s2007 xx 000 0 ara d
082 1 4 _a219/زعت
100 1 _aالمباركفوري،
245 1 0 _aالسيرة النبوية أعدها من الرحيق المختوم للمباركفوري /
264 1 _aدمشق :
_bدار العصماء،
_c2007.
300 _a440ص.
650 1 7 _aالاسلام
650 1 7 _aالسيرة النبوية
700 1 _aزعتري، علاء الدين
700 1 _aالحموي، غسان محمد رشيد
942 _2ddc
_cBK
999 _c110144
_d110144